000 01403cam a22003977a 4500
003 CHAP
005 20220817043746.0
008 010226d2000 mx b r 00110 spa d
010 _a83604
011 _a84576
020 _a9683680909
035 _a95100
040 _cCHAP
082 0 4 _a917.2
_bC6
100 0 0 _aColl Hurtado, Atlántida.
_925194
245 1 0 _aMéxico :
_buna visión geográfica
_c/por Atlántida Coll-Hurtado
260 _aMéxico, D.F. :
_bUniversidad Nacional Autónoma de México. Instituto de Geografía,
_c2000.
300 _a137 p. :
_bmapas, cuads.
490 0 _aTemas selectos de geografía de México
490 0 _aTextos de carácter general
_v; II.1
590 _aBATCH-UPD
_b10
_c20130110
_lUCH01
_h0446
590 _aBATCH-UPD
_b10
_c20130110
_lUCH01
_h2359
590 _aBATCH-UPD
_b10
_c20130410
_lUCH01
_h0123
590 _aBATCH-UPD
_b10
_c20130410
_lUCH01
_h1645
590 _aBATCH-UPD
_b10
_c20130914
_lUCH01
_h1008
590 _aCONVERSION
_b10
_c20130109
_lUCH01
_h1346
650 1 4 _aMéxico
_xCondiciones económicas.
650 1 4 _aMéxico
_xGeografía.
_976748
650 1 4 _aPoblación
_xMéxico.
_989408
830 0 0 _aTemas selectos de geografía de México
_9112165
830 0 0 _aTextos de carácter general
_v; II.1
_9112570
901 _aBK
905 _aEdna Luz
942 _cLIBRO
949 _a917.2 C6
_bBC
_cLIBRO
_d33724000818175
_eLIBRO
_h99768
_i95100
_si
999 _c83604
_d83604